Statistics for Harry Potter Spells #1

Click here to take the quiz!

General Stats

  • This quiz has been taken 4,747 times
    (4,744 since last reset)
  • The average score is 14 of 22

Answer Stats

HintAnswer% Correct
Summons object to the casterAccio
94%
Is used to disarm another wizardExpelliarmus
94%
Torturing CurseCrucio
93%
Also known as the killing curseAvada Kedavra
88%
Creates a beam of light from the casters wandLumos
86%
Shields the conjuror from dementors or lethifoldsExpecto Patronum
85%
Causes the victim of this curse to obey the commands of the casterImperio
85%
Levitates objects in the airWingardium Leviosa
82%
Used to repair objectsReparo
79%
Erases the memory of the person the spell is cast uponObliviate
78%
Unlocks locked objectsAlohomora
75%
Stuns the opponent of the casterStupefy
73%
Causes victim to become confused and forgetfulConfundo
59%
The vicitm is dangled upside-down by one of their anklesLevicorpus
58%
Also known as the body-bind cursePetrificus Totalus
56%
Creates a shield around the casterProtego
50%
Cuts or rips objectsDiffindo
45%
Produces fire from the casters wandIncendio
34%
Summons the Dark MarkMorsmordre
32%
Enables the caster to explode solid objectsReducto
30%
Used to heal relatively minor injuriesEpiskey
27%
Also known as the tickling charmRictusempra
17%

Score Distribution

Percentile by Number Answered

Percent of People with Each Score

Your Score History

You have not taken this quiz since the last reset